000 00975cab a2200253 4500
001 ABS60109
008 090401t1999 xxu||||| |||| 00| 0 eng d
035 _a(Sirsi) u91277
041 _aeng
100 _aLe Poidevin, J.
245 _aAsbestos in the workplace
260 _c1999
350 _a0
490 _aFacilities Management
_v6(3) February 1999, 24-25(2)
520 _aIn advance of the Health and Safety Executive`s consultative document on amendments to the asbestos regulations, to be issued in the Spring, this article looks at the current and proposed regulations, and a facilities manager`s responsibilities under them.
650 _aMANAGEMENT-HEALTH AND SAFETY-HAZARDOUS SUBSTANCES-ASBESTOS
650 _aCONTROL OF ASBESTOS AT WORK REGULATIONS 1987
650 _aFACILITIES MANAGERS
650 _aHEALTH AND SAFETY EXECUTIVE
650 _aWORKPLACES
690 _aBUILT ENVIRONMENT-BUILDING STANDARDS
942 _n0
948 _c12/02/1999
999 _c57926
_d57926